2018 NBA Playoffs - Statistics

General Stats
  • This quiz has been taken 1,661 times
  • The average score is 13 of 16
Answers on the Map
Answers color-coded by a green-red scale on the quiz's map according to % correct below.
 
Answer Stats
Team % Correct
Golden State Warriors
99%
Cleveland Cavaliers
98%
Boston Celtics
94%
Houston Rockets
90%
Toronto Raptors
89%
Oklahoma City Thunder
83%
Indiana Pacers
82%
San Antonio Spurs
81%
Miami Heat
78%
Milwaukee Bucks
77%
Philadelphia 76ers
76%
Portland Trailblazers
76%
Utah Jazz
72%
New Orleans Pelicans
63%
Washington Wizards
63%
Minnesota Timberwolves
56%
No matching quizzes found
Score Distribution
Percent of People with Each Score
Percentile by Number Answered
Your Score History
You have not taken this quiz